000
00306nam a2200133 a 4500
001
5663
003
CDMR
005
20130116135311.0
008
130130s1986||||||||||||||||||||||||||||d
040
_a
CDMR
_b
cat
_c
CPC GIRONA
245
0
_a
World Radio TV handbook
_c
Varis
260
_c
1986
_b
Billboard
942
_c
MON
999
_c
5663
_d
5663